00875cam a2200229 a 4500020001500000020001500015020001800030040000800048082002900056100002100085245007600106260003600182300003300218650002100251650001600272856006000288856006700348856005900415942000700474999001700481952014700498 a047170637X a047123639X a9780471706373 cUKM00a384 WIL 2002 A020 Or.aB1 aRobichaux, Mark.10aCable cowboy :bJohn Malone and the rise of the modern cable business / aHoboken, N.J. :bWiley,cc2002. aix, 310 p. :bill. ;c24 cm. 0aCable television 0aBusinessmen42uhttp://www.loc.gov/catdir/bios/wiley044/2003265918.html42uhttp://www.loc.gov/catdir/description/wiley037/2003265918.html41uhttp://www.loc.gov/catdir/toc/wiley032/2003265918.html cEK c12683d12683 0010406384_000000000000000_WIL_2002_A020_OR70962753aLBAbLBAcA020d2017-08-16o384 WIL 2002 A020 Or.pA16982r2017-08-16w2017-08-16yEK